| 000 | 01255nam a2200241 a 4500 | ||
|---|---|---|---|
| 001 | 46279 | ||
| 003 | BD-RjUL | ||
| 005 | 20211209054129.0 | ||
| 008 | 160801s1988 bg ||||| |||| 00| 0 b d | ||
| 035 | _a(BD-RjUL)46397 | ||
| 040 |
_aBD-RjUL _bben _cBD-RjUL |
||
| 041 | _aben/eng | ||
| 082 |
_223 _a342.5492023 _bBAG 1988 |
||
| 110 |
_aবাংলাদেশ. _9183474 |
||
| 245 | 0 | 4 |
_aগণপ্রজাতন্ত্রী বাংলাদেশের সংবিধান = The Constitution of the People's Republic of Bangladesh : _b[১৯৮৮ সালের ৩০শে জুন পর্যন্ত সংশোধিত] = [As modified up to 30th june, 1988] / _cবাংলাদেশ. |
| 260 |
_aঢাকা: : _bগভর্ণমেন্ট প্রিন্টিং প্রেস, _c১৯৮৮ |
||
| 300 |
_a[২১], ১৮৭ পৃ. ; _c২২ সেমি. |
||
| 500 | _a" মূল পাঠ্য সমান্তরাল দুই ভাষায় (বাংলা ও ইংরেজি) লিখিত" | ||
| 650 |
_aসংবিধান _zবাংলাদেশ _y১৯৮৮ _9183475 |
||
| 650 |
_aConstitution _zBangladesh _y1988 _9183476 |
||
| 651 |
_aBangladesh _9141343 |
||
| 942 |
_2ddc _cRAR |
||
| 999 |
_c46279 _d46279 |
||